| 000 | 00668nam a22002177a 4500 | ||
|---|---|---|---|
| 999 |
_c8175 _d8175 |
||
| 003 | AR-CdUCM | ||
| 008 | 190322b ||||| |||| 00| 0 spa d | ||
| 040 |
_aMUNICIPALIDAD PROVINCIAL DEL CUSCO _cBIBLIOTECA MUNICIPAL DEL CUSCO |
||
| 082 |
_a869.56 / _bC34 |
||
| 100 |
_aCastillo Otto, René _923058 |
||
| 245 | _aVamos, Patria, caminar !! / | ||
| 260 |
_aLima : _bEdiciones Poetas de Nuestra Revolución, _c1967. |
||
| 300 |
_a30 paginas ; _c21 cm. |
||
| 500 | _aPoesias al Perú | ||
| 650 |
_aPoesias _95433 |
||
| 650 |
_aCanto al perú _923059 |
||
| 650 |
_aLiteratura poetica _93355 |
||
| 650 |
_aLatinoamericana _95799 |
||
| 942 |
_2ddc _cLIBROS |
||
| 945 | _apjha | ||